000 00310nam a22001337a 4500
008 190304b xxu||||| |||| 00| 0 eng d
020 _a9780791434680
041 _aeng
080 _a573
100 _a11
101 _aBIO
245 _aMetaphysics and the Origin of Species
_cGhiselin, M.T
942 _2udc
_cBK
999 _c54448
_d54448